Financovanie výskumu a vývoja z pohľadu nositeľov inovácií: prípadová štúdia krajín Vyšehradskej skupiny

Vývoj inovačnej teórie. Inovácie a ich financovanie. Analýza rozsahu investícií kľúčových nositeľov inovácií do výskumu a vývoja v krajinách V4.

Saved in:
Bibliographic Details
Main Author: Pisár, Peter
Other Authors: Ďurčeková, Ina
Format: Book Chapter
Language:Slovak
Subjects:
Tags: Add Tag
No Tags, Be the first to tag this record!

MARC

LEADER 00000naa a2200000 4500
001 0241917
005 20221104111339.8
041 0 |a slo 
044 |a SK 
245 1 0 |a Financovanie výskumu a vývoja z pohľadu nositeľov inovácií: prípadová štúdia krajín Vyšehradskej skupiny  |c Peter Pisár, Ina Ďurčeková 
520 |a Vývoj inovačnej teórie. Inovácie a ich financovanie. Analýza rozsahu investícií kľúčových nositeľov inovácií do výskumu a vývoja v krajinách V4. 
610 2 0 |a výskum 
610 2 0 |a zdroje finančné 
610 2 0 |a vývoj 
610 2 0 |a inovácia 
610 2 0 |a financovanie investícií 
610 2 0 |a Vyšehradská štvorka 
610 2 0 |a štúdie prípadové 
100 1 |a Pisár, Peter 
700 1 |a Ďurčeková, Ina